2016 Presidential Election Click Quiz - Statistics

General Stats
  • This quiz has been taken 160 times
  • The average score is 47 of 51
Answer Stats
Hint Answer % Correct
Alabama 2. Donald Trump
99%
Kentucky 2. Donald Trump
99%
California 1. Hillary Clinton
98%
Connecitcut 1. Hillary Clinton
98%
Delaware 1. Hillary Clinton
98%
District of Columbia 1. Hillary Clinton
98%
Massachusetts 1. Hillary Clinton
98%
Alaska 2. Donald Trump
98%
Arkansas 2. Donald Trump
98%
Florida 2. Donald Trump
98%
Georgia 2. Donald Trump
98%
Kansas 2. Donald Trump
98%
Louisiana 2. Donald Trump
98%
Mississippi 2. Donald Trump
98%
North Dakota 2. Donald Trump
98%
Hawaii 1. Hillary Clinton
97%
Missouri 2. Donald Trump
97%
Oklahoma 2. Donald Trump
97%
Maryland 1. Hillary Clinton
96%
Montana 2. Donald Trump
96%
Nebraska 2. Donald Trump
96%
Idaho 2. Donald Trump
95%
Colorado 1. Hillary Clinton
94%
New Jersey 1. Hillary Clinton
94%
New York 1. Hillary Clinton
94%
Arizona 2. Donald Trump
94%
Indiana 2. Donald Trump
94%
Iowa 2. Donald Trump
94%
North Carolina 2. Donald Trump
94%
Maine 1. Hillary Clinton
93%
South Dakota 2. Donald Trump
93%
New Hampshire 1. Hillary Clinton
92%
Texas 2. Donald Trump
92%
South Carolina 2. Donald Trump
91%
Tennessee 2. Donald Trump
91%
Utah 2. Donald Trump
90%
Illinois 1. Hillary Clinton
89%
Oregon 1. Hillary Clinton
89%
Ohio 2. Donald Trump
89%
Wyoming 2. Donald Trump
89%
Rhode Island 1. Hillary Clinton
87%
Vermont 1. Hillary Clinton
87%
Washington 1. Hillary Clinton
87%
Minnesota 1. Hillary Clinton
86%
New Mexico 1. Hillary Clinton
82%
West Virginia 2. Donald Trump
82%
Wisconsin 2. Donald Trump
79%
Virginia 1. Hillary Clinton
78%
Michigan 2. Donald Trump
74%
Pennsylvania 2. Donald Trump
74%
Nevada 1. Hillary Clinton
66%
No matching quizzes found
Score Distribution
Percent of People with Each Score
Percentile by Number Answered
Your Score History
You have not taken this quiz